Dato' Onn Ja'afar : pengasas kemerdekaan

Bibliographic Details
Main Author: Ramlah Adam
Format: Book
Published: Kuala Lumpur : DBP , 1992
Subjects:

MARC

LEADER 00000cam a2200000 7i4500
001 0000003172
002 000003428
005 20080117.0
020 |a 9836228616 
090 0 0 |a 920   |b RAM 
100 0 |a Ramlah Adam 
245 1 0 |a Dato' Onn Ja'afar :   |b pengasas kemerdekaan   |c Ramlah Adam 
260 |a Kuala Lumpur :   |b DBP ,   |c 1992 
300 |a 466p. ;   |c 23cm. 
500 |a Koleksi Perdana Menteri Malaysia Aras 3 
600 0 0 |a Onn Jaafar ,   |c Dato' ,   |d 1895-1962 
650 0 0 |a Politicians   |z Malaysia   |x Biography 
651 0 |a Malaysia   |x Politics and government 
999 |a 036765   |b BUKU   |c MALAYSIANA   |e PERPUSTAKAAN KOMUNITI PETALING JAYA 
999 |a 036766   |b BUKU   |c MALAYSIANA   |e PERPUSTAKAAN KOMUNITI PETALING JAYA 
999 |a 051354   |b BUKU   |c MALAYSIANA   |e PERPUSTAKAAN KOMUNITI PETALING JAYA 
999 |a 051355   |b BUKU   |c PINJAMAN   |e PERPUSTAKAAN KOMUNITI PETALING JAYA